[Event "Stay Safe Play From Home 241"]
[Site "Emanuel Lasker Arena"]
[Date "2020.06.21"]
[Round "5"]
[White "Don59as"]
[Black "Trotsky"]
[Result "0-1"]
[WhiteElo "2094"]
[BlackElo "1534"]
[Annotator "NA"]
[PlyCount "56"]
[EventDate "2020.06.21"]
[EventType "swiss (blitz)"]

1. c4 {[%emt 0:00:02]} c5 {[%emt 0:00:01]} 2. Nc3 {[%emt 0:00:01]} e6 {[%emt 0:00:01]} 3. g3 {[%emt 0:00:00]} d5 {[%emt 0:00:01]} 4. cxd5 {[%emt 0:00:01]} exd5 {[%emt 0:00:01]} 5. Bg2 {[%emt 0:00:01]} Be6 {[%emt 0:00:01]} 6. d3 {[%emt 0:00:02]} a6 {[%emt 0:00:01]} 7. Nf3 {[%emt 0:00:00]} Nc6 {[%emt 0:00:01]} 8. Ng5 {[%emt 0:00:00]} h5 {[%emt 0:00:02]} 9. Nxe6 {[%emt 0:00:01]} fxe6 {[%emt 0:00:01]} 10. h4 {[%emt 0:00:02]} Bd6 {[%emt 0:00:01]} 11. e4 {[%emt 0:00:01]} d4 {[%emt 0:00:02]} 12. Ne2 {[%emt 0:00:01]} Qc7 {[%emt 0:00:01]} 13. O-O {[%emt 0:00:02]} O-O-O {[%emt 0:00:01]} 14. f4 {[%emt 0:00:00]} Nf6 {[%emt 0:00:01]} 15. e5 {[%emt 0:00:00]} Nxe5 {[%emt 0:00:01]} 16. fxe5 {[%emt 0:00:01]} Bxe5 {[%emt 0:00:01]} 17. Bf4 {[%emt 0:00:01]} Ng4 {[%emt 0:00:02]} 18. Bxe5 {[%emt 0:00:01]} Qxe5 {[%emt 0:00:01]} 19. Nf4 {[%emt 0:00:03]} Qe3+ {[%emt 0:00:04]} 20. Kh1 {[%emt 0:00:02]} g5 {[%emt 0:00:02]} 21. Nh3 {[%emt 0:00:10]} Qxg3 {[%emt 0:00:02]} 22. Bxb7+ {[%emt 0:00:07]} Kb8 {[%emt 0:00:03]} 23. Qe2 {[%emt 0:00:05]} Qxh3+ {[%emt 0:00:03]} 24. Kg1 {[%emt 0:00:01]} Ne3 {[%emt 0:00:04]} 25. Rf7 {[%emt 0:00:02]} gxh4 {[%emt 0:00:03]} 26. Bg2 {[%emt 0:00:04]} Rhg8 {[%emt 0:00:02]} 27. Rb7+ {[%emt 0:00:02]} Kc8 {[%emt 0:00:02]} 28. Rc7+ {[%emt 0:00:03]} Kxc7 {[%emt 0:00:02] Time (Lag: Av=0.36s, max=0.6s)} 0-1

[Event "Stay Safe Play From Home 241"]
[Site "Emanuel Lasker Arena"]
[Date "2020.06.21"]
[Round "5"]
[White "Justwatch"]
[Black "Pedrorojas"]
[Result "1-0"]
[WhiteElo "1810"]
[BlackElo "1470"]
[Annotator "NA"]
[PlyCount "71"]
[EventDate "2020.06.21"]
[EventType "swiss (blitz)"]

1. e4 {[%emt 0:00:02]} c6 {[%emt 0:00:01]} 2. Nf3 {[%emt 0:00:00]} d5 {[%emt 0:00:00]} 3. exd5 {[%emt 0:00:00]} cxd5 {[%emt 0:00:00]} 4. Nc3 {[%emt 0:00:00]} Nf6 {[%emt 0:00:01]} 5. d4 {[%emt 0:00:00]} Bf5 {[%emt 0:00:01]} 6. Bb5+ {[%emt 0:00:00]} Nc6 {[%emt 0:00:02]} 7. Bxc6+ {[%emt 0:00:00]} bxc6 {[%emt 0:00:00]} 8. O-O {[%emt 0:00:00]} e6 {[%emt 0:00:00]} 9. Bg5 {[%emt 0:00:01]} Be7 {[%emt 0:00:00]} 10. Re1 {[%emt 0:00:01]} O-O {[%emt 0:00:01]} 11. Ne5 {[%emt 0:00:00]} Rb8 {[%emt 0:00:00]} 12. Nxc6 {[%emt 0:00:01]} Qc7 {[%emt 0:00:04]} 13. Nxe7+ {[%emt 0:00:01]} Qxe7 {[%emt 0:00:02]} 14. Na4 {[%emt 0:00:00]} h6 {[%emt 0:00:04]} 15. Bf4 {[%emt 0:00:02]} Rb4 {[%emt 0:00:04]} 16. b3 {[%emt 0:00:01]} Rc8 {[%emt 0:00:03]} 17. Rc1 {[%emt 0:00:03]} Ne4 {[%emt 0:00:04]} 18. c3 {[%emt 0:00:03]} Rb7 {[%emt 0:00:05]} 19. f3 {[%emt 0:00:02]} Nf6 {[%emt 0:00:03]} 20. Be5 {[%emt 0:00:02]} Nd7 {[%emt 0:00:01]} 21. Bg3 {[%emt 0:00:01]} h5 {[%emt 0:00:02]} 22. Qe2 {[%emt 0:00:02]} h4 {[%emt 0:00:01]} 23. Be5 {[%emt 0:00:01]} Nxe5 {[%emt 0:00:02]} 24. Qxe5 {[%emt 0:00:00]} Rbc7 {[%emt 0:00:00]} 25. Qf4 {[%emt 0:00:11]} Qa3 {[%emt 0:00:01]} 26. Qxh4 {[%emt 0:00:01]} Qxa2 {[%emt 0:00:00]} 27. Nc5 {[%emt 0:00:02]} Rxc5 {[%emt 0:00:02]} 28. dxc5 {[%emt 0:00:01]} Rxc5 {[%emt 0:00:00]} 29. Qe7 {[%emt 0:00:01]} Rc8 {[%emt 0:00:02]} 30. c4 {[%emt 0:00:01]} Qxb3 {[%emt 0:00:01]} 31. cxd5 {[%emt 0:00:01]} Qxd5 {[%emt 0:00:01]} 32. Rxc8+ {[%emt 0:00:01]} Kh7 {[%emt 0:00:00]} 33. Qh4+ {[%emt 0:00:00]} Kg6 {[%emt 0:00:02]} 34. Qg3+ {[%emt 0:00:02]} Kf6 {[%emt 0:00:02]} 35. Qh4+ {[%emt 0:00:01]} Kg6 {[%emt 0:00:03]} 36. Rh8 {[%emt 0:00:01] Tiempo} 1-0

[Event "Stay Safe Play From Home 241"]
[Site "Emanuel Lasker Arena"]
[Date "2020.06.21"]
[Round "5"]
[White "Haris kollari 13"]
[Black "Mepe_Nika"]
[Result "0-1"]
[WhiteElo "1736"]
[BlackElo "2371"]
[Annotator "NA"]
[PlyCount "74"]
[EventDate "2020.06.21"]
[EventType "swiss (blitz)"]

1. e4 {[%emt 0:00:01]} e5 {[%emt 0:00:01]} 2. f4 {[%emt 0:00:01]} d5 {[%emt 0:00:00]} 3. exd5 {[%emt 0:00:01]} exf4 {[%emt 0:00:00]} 4. c4 {[%emt 0:00:01]} c6 {[%emt 0:00:01]} 5. dxc6 {[%emt 0:00:02]} Nxc6 {[%emt 0:00:00]} 6. Nf3 {[%emt 0:00:01]} Bc5 {[%emt 0:00:02]} 7. Nc3 {[%emt 0:00:01]} Nf6 {[%emt 0:00:01]} 8. Be2 {[%emt 0:00:01]} O-O {[%emt 0:00:01]} 9. a3 {[%emt 0:00:01]} Bg4 {[%emt 0:00:01]} 10. b4 {[%emt 0:00:01]} Bxf3 {[%emt 0:00:01]} 11. Bxf3 {[%emt 0:00:03]} Bd4 {[%emt 0:00:01]} 12. Bb2 {[%emt 0:00:01]} Ne5 {[%emt 0:00:01]} 13. Be2 {[%emt 0:00:02]} Re8 {[%emt 0:00:01]} 14. Qc2 {[%emt 0:00:01]} Nxc4 {[%emt 0:00:02]} 15. O-O-O {[%emt 0:00:05]} Nxb2 {[%emt 0:00:01]} 16. Bb5 {[%emt 0:00:06]} Re5 {[%emt 0:00:05]} 17. Qxb2 {[%emt 0:00:07]} Rxb5 {[%emt 0:00:01]} 18. Qb3 {[%emt 0:00:03]} Rc8 {[%emt 0:00:01]} 19. Kb1 {[%emt 0:00:01]} Bxc3 {[%emt 0:00:05]} 20. dxc3 {[%emt 0:00:01]} Rd5 {[%emt 0:00:00]} 21. c4 {[%emt 0:00:04]} Rd2 {[%emt 0:00:04]} 22. c5 {[%emt 0:00:05]} Ne4 {[%emt 0:00:02]} 23. Rhe1 {[%emt 0:00:03]} Rxd1+ {[%emt 0:00:01]} 24. Rxd1 {[%emt 0:00:01]} Qxd1+ {[%emt 0:00:01]} 25. Qxd1 {[%emt 0:00:01]} Nc3+ {[%emt 0:00:00]} 26. Kc2 {[%emt 0:00:00]} Nxd1 {[%emt 0:00:00]} 27. Kxd1 {[%emt 0:00:00]} b6 {[%emt 0:00:00]} 28. Kc2 {[%emt 0:00:01]} bxc5 {[%emt 0:00:01]} 29. Kb3 {[%emt 0:00:00]} c4+ {[%emt 0:00:01]} 30. Kc3 {[%emt 0:00:01]} g5 {[%emt 0:00:00]} 31. a4 {[%emt 0:00:00]} g4 {[%emt 0:00:01]} 32. b5 {[%emt 0:00:00]} f3 {[%emt 0:00:00]} 33. gxf3 {[%emt 0:00:01]} gxf3 {[%emt 0:00:00]} 34. Kd2 {[%emt 0:00:00]} f2 {[%emt 0:00:00]} 35. Ke2 {[%emt 0:00:01]} c3 {[%emt 0:00:00]} 36. Kxf2 {[%emt 0:00:00]} c2 {[%emt 0:00:00]} 37. Ke3 {[%emt 0:00:00]} c1=Q+ {[%emt 0:00:01]} 0-1

[Event "Stay Safe Play From Home 241"]
[Site "Emanuel Lasker Arena"]
[Date "2020.06.21"]
[Round "5"]
[White "W Nelles"]
[Black "Dariya2504"]
[Result "1-0"]
[WhiteElo "1089"]
[BlackElo "1620"]
[Annotator "NA"]
[PlyCount "45"]
[EventDate "2020.06.21"]
[EventType "swiss (blitz)"]

1. e4 {[%emt 0:00:01]} c5 {[%emt 0:00:08]} 2. Nf3 {[%emt 0:00:01]} Nc6 {[%emt 0:00:04]} 3. Bc4 {[%emt 0:00:01]} Nf6 {[%emt 0:00:04]} 4. e5 {[%emt 0:00:02]} Ng4 {[%emt 0:00:01]} 5. Bxf7+ {[%emt 0:00:03]} Kxf7 {[%emt 0:00:03]} 6. Ng5+ {[%emt 0:00:01]} Ke8 {[%emt 0:00:02]} 7. Qxg4 {[%emt 0:00:01]} Nxe5 {[%emt 0:00:03]} 8. Qf5 {[%emt 0:00:03]} d6 {[%emt 0:00:03]} 9. Qf7+ {[%emt 0:00:02]} Nxf7 {[%emt 0:00:05]} 10. Nxf7 {[%emt 0:00:02]} Kxf7 {[%emt 0:00:02]} 11. O-O {[%emt 0:00:01]} Qa5 {[%emt 0:00:02]} 12. Nc3 {[%emt 0:00:01]} Bg4 {[%emt 0:00:03]} 13. d3 {[%emt 0:00:04]} Qb4 {[%emt 0:00:00]} 14. Bd2 {[%emt 0:00:03]} h5 {[%emt 0:00:03]} 15. Kh1 {[%emt 0:00:05]} Qd4 {[%emt 0:00:05]} 16. f3 {[%emt 0:00:01]} Bxf3 {[%emt 0:00:02]} 17. Rxf3+ {[%emt 0:00:02]} Ke8 {[%emt 0:00:00]} 18. Raf1 {[%emt 0:00:02]} g5 {[%emt 0:00:00]} 19. Ne4 {[%emt 0:00:02]} g4 {[%emt 0:00:01]} 20. Rg3 {[%emt 0:00:05]} Bh6 {[%emt 0:00:05]} 21. Bc3 {[%emt 0:00:03]} Qd5 {[%emt 0:00:02]} 22. Bxh8 {[%emt 0:00:02]} Qg5 {[%emt 0:00:03]} 23. Nxg5 {[%emt 0:00:02] Время (Lag: Av=0.68s, max=1.1s)} 1-0

[Event "Stay Safe Play From Home 241"]
[Site "Emanuel Lasker Arena"]
[Date "2020.06.21"]
[Round "6"]
[White "Broken sword"]
[Black "Little champs"]
[Result "0-1"]
[WhiteElo "2403"]
[BlackElo "2206"]
[Annotator "TA"]
[PlyCount "80"]
[EventDate "2020.06.21"]
[EventType "swiss (blitz)"]

{[%evp 11,80,25,20,22,25,25,27,16,41,37,45,0,14,12,20,6,27,44,37,19,22,20,17,0,390,390,422,422,475,445,443,443,479,389,464,485,477,289,637,310,438,-25,-25,-95,-100,-108,20,-28,58,65,53,0,52,10,94,18,23,-411,-222,-437,-60,-243,-150,-226,-84,-276,-267,-1184,-1183,-29993,-29994]} 1. d4 c6 2. Nf3 d5 3. c4 Nf6 4. cxd5 cxd5 5. Nc3 e6 6. Bf4 Be7 7. e3 {D13: Slav Defence: Exchange variation without ...Bf5.} O-O 8. Bd3 a6 9. Rc1 {White has an edge.} b5 10. O-O Bb7 11. Bb1 Nc6 {[#]} 12. Qd3 $146 ({Predecessor:} 12. Ne5 g6 13. h3 Rc8 14. Bh2 Bd6 15. f4 Nd7 16. g4 f6 17. Nf3 Re8 18. Rf2 {1-0 (48) Melnikov,V (1878)-Weber,W (1317) Nickenich 2018}) 12... g6 13. Bh6 Nb4 14. Qe2 $36 {[%mdl 2048] White has good play.} Re8 15. Rfd1 Rc8 16. Nd2 Nc6 17. a3 Ng4 $2 {[%mdl 8192]} (17... Na5 $11 {and Black has nothing to worry.}) 18. Qxg4 $18 f5 19. Qe2 Bf6 20. Nf3 Qe7 21. h3 g5 22. h4 g4 23. Ng5 Kh8 24. f4 Rg8 $2 {[#]} (24... Na5 25. h5 Nb3) 25. a4 (25. Bxf5 $142 $1 Bxg5 (25... exf5 26. Nxd5) 26. Bxg5 Rxg5 27. hxg5 exf5 28. Nxd5) 25... b4 {[#]} (25... Rg6 {is a better defense.} 26. axb5 axb5) 26. Na2 $2 (26. Nxd5 $1 $18 exd5 27. Bxf5) 26... Rg6 $11 27. g3 (27. Rc5 $11) 27... Rxh6 $17 28. Bd3 a5 (28... Ra8 $17 29. Qc2 Rg6) 29. Bb5 Bxg5 ({Better is} 29... Rg6 $11) 30. fxg5 $14 Rg6 31. Rc5 (31. Qf2 $14) 31... Na7 ({Black should play} 31... e5 $11) 32. Rdc1 Rgg8 (32... Rxc5 $11 {remains equal.} 33. Rxc5 e5) 33. Kf2 (33. Qf2 $16) 33... h6 34. R1c2 $2 {[%mdl 8192]} (34. gxh6 $11 {and White is okay.} Rxc5 35. Rxc5 (35. dxc5 Rc8 $11)) 34... hxg5 (34... b3 $142 35. Rc1 bxa2 36. gxh6 Rxc5 37. dxc5 Qf6) 35. hxg5 $2 (35. Rxc8 Bxc8 36. Nc1) 35... Qxg5 $2 (35... b3 $19 36. Rxc8 Bxc8 37. Rxc8 Nxc8) 36. Rc1 $2 (36. Ke1 $15) 36... Rxc5 37. dxc5 (37. Rxc5 $17 Rg7 38. Nc1) 37... Rd8 (37... Qh6 $19 {is more deadly. Strongly threatening ...d4!} 38. Rg1 Rg5) 38. Rh1+ $2 {[#]} (38. c6 $17 Bxc6 39. Bxc6) 38... Kg7 $1 $19 {...d4 is the strong threat.} 39. Qd2 $2 (39. Rh2) 39... d4 40. exd4 Qxd2+ {Black used his chance. Accuracy: White = 27%, Black = 37%.} 0-1

[Event "Stay Safe Play From Home 241"]
[Site "Emanuel Lasker Arena"]
[Date "2020.06.21"]
[Round "6"]
[White "SoulofWolf"]
[Black "Don59as"]
[Result "1-0"]
[WhiteElo "2083"]
[BlackElo "2062"]
[Annotator "NA"]
[PlyCount "77"]
[EventDate "2020.06.21"]
[EventType "swiss (blitz)"]

1. d4 {[%emt 0:00:00]} d5 {[%emt 0:00:01]} 2. Nf3 {[%emt 0:00:00]} e6 {[%emt 0:00:00]} 3. Bg5 {[%emt 0:00:00]} Nf6 {[%emt 0:00:00]} 4. h4 {[%emt 0:00:00]} Be7 {[%emt 0:00:01]} 5. Nbd2 {[%emt 0:00:01]} Ne4 {[%emt 0:00:02]} 6. Bf4 {[%emt 0:00:01]} h6 {[%emt 0:00:02]} 7. g3 {[%emt 0:00:01]} b6 {[%emt 0:00:02]} 8. e3 {[%emt 0:00:01]} Bb7 {[%emt 0:00:01]} 9. Bg2 {[%emt 0:00:00]} Nd7 {[%emt 0:00:02]} 10. c4 {[%emt 0:00:01]} O-O {[%emt 0:00:01]} 11. O-O {[%emt 0:00:01]} f5 {[%emt 0:00:01]} 12. Be5 {[%emt 0:00:02]} Bf6 {[%emt 0:00:02]} 13. Bxf6 {[%emt 0:00:01]} Qxf6 {[%emt 0:00:01]} 14. b3 {[%emt 0:00:01]} g5 {[%emt 0:00:01]} 15. hxg5 {[%emt 0:00:01]} hxg5 {[%emt 0:00:00]} 16. Nxe4 {[%emt 0:00:01]} dxe4 {[%emt 0:00:01]} 17. Nh2 {[%emt 0:00:01]} g4 {[%emt 0:00:02]} 18. d5 {[%emt 0:00:01]} e5 {[%emt 0:00:03]} 19. Nxg4 {[%emt 0:00:05]} fxg4 {[%emt 0:00:01]} 20. Qxg4+ {[%emt 0:00:00]} Qg7 {[%emt 0:00:02]} 21. Qxe4 {[%emt 0:00:02]} Rae8 {[%emt 0:00:02]} 22. Bh3 {[%emt 0:00:02]} Nf6 {[%emt 0:00:01]} 23. Qg2 {[%emt 0:00:01]} e4 {[%emt 0:00:02]} 24. Be6+ {[%emt 0:00:03]} Kh7 {[%emt 0:00:02]} 25. f4 {[%emt 0:00:01]} Ng4 {[%emt 0:00:04]} 26. Rae1 {[%emt 0:00:02]} Qh6 {[%emt 0:00:02]} 27. Bxg4 {[%emt 0:00:02]} Rg8 {[%emt 0:00:03]} 28. Bf5+ {[%emt 0:00:02]} Kh8 {[%emt 0:00:01]} 29. Kf2 {[%emt 0:00:01]} Ref8 {[%emt 0:00:01]} 30. Rh1 {[%emt 0:00:03]} Rf6 {[%emt 0:00:01]} 31. Rxh6+ {[%emt 0:00:01]} Rxh6 {[%emt 0:00:00]} 32. Bxe4 {[%emt 0:00:02]} Bc8 {[%emt 0:00:01]} 33. Rh1 {[%emt 0:00:02]} Kg7 {[%emt 0:00:01]} 34. Rxh6 {[%emt 0:00:01]} Kxh6 {[%emt 0:00:01]} 35. Qh2+ {[%emt 0:00:00]} Kg7 {[%emt 0:00:01]} 36. Qh7+ {[%emt 0:00:01]} Kf8 {[%emt 0:00:00]} 37. f5 {[%emt 0:00:01]} c5 {[%emt 0:00:02]} 38. f6 {[%emt 0:00:01]} Bg4 {[%emt 0:00:01]} 39. Qe7# {[%emt 0:00:01] (Lag: Av=0.56s, max=1.0s)} 1-0

[Event "Stay Safe Play From Home 241"]
[Site "Emanuel Lasker Arena"]
[Date "2020.06.21"]
[Round "6"]
[White "Haris kollari 13"]
[Black "W Nelles"]
[Result "1-0"]
[WhiteElo "1735"]
[BlackElo "1121"]
[Annotator "NA"]
[PlyCount "61"]
[EventDate "2020.06.21"]
[EventType "swiss (blitz)"]

1. e4 {[%emt 0:00:01]} e5 {[%emt 0:00:01]} 2. f4 {[%emt 0:00:01]} exf4 {[%emt 0:00:01]} 3. Nf3 {[%emt 0:00:01]} Nc6 {[%emt 0:00:01]} 4. d4 {[%emt 0:00:00]} d6 {[%emt 0:00:01]} 5. d5 {[%emt 0:00:01]} Bg4 {[%emt 0:00:01]} 6. dxc6 {[%emt 0:00:02]} Bxf3 {[%emt 0:00:01]} 7. gxf3 {[%emt 0:00:01]} bxc6 {[%emt 0:00:01]} 8. Bc4 {[%emt 0:00:01]} Nf6 {[%emt 0:00:01]} 9. Bb3 {[%emt 0:00:01]} Be7 {[%emt 0:00:01]} 10. Bxf4 {[%emt 0:00:01]} Rb8 {[%emt 0:00:01]} 11. Bg3 {[%emt 0:00:01]} O-O {[%emt 0:00:01]} 12. Nc3 {[%emt 0:00:01]} Nh5 {[%emt 0:00:01]} 13. Qd2 {[%emt 0:00:03]} Bg5 {[%emt 0:00:05]} 14. f4 {[%emt 0:00:01]} Bh4 {[%emt 0:00:02]} 15. O-O-O {[%emt 0:00:04]} Nxg3 {[%emt 0:00:02]} 16. hxg3 {[%emt 0:00:02]} Bxg3 {[%emt 0:00:01]} 17. Rdg1 {[%emt 0:00:02]} d5 {[%emt 0:00:11]} 18. Rxg3 {[%emt 0:00:01]} dxe4 {[%emt 0:00:04]} 19. Qxd8 {[%emt 0:00:02]} Rbxd8 {[%emt 0:00:01]} 20. Nxe4 {[%emt 0:00:00]} Rfe8 {[%emt 0:00:04]} 21. Nf6+ {[%emt 0:00:02]} Kf8 {[%emt 0:00:01]} 22. Nxh7+ {[%emt 0:00:02]} Kg8 {[%emt 0:00:03]} 23. Nf6+ {[%emt 0:00:02]} Kf8 {[%emt 0:00:02]} 24. Nxe8 {[%emt 0:00:01]} Rxe8 {[%emt 0:00:01]} 25. Rh8+ {[%emt 0:00:01]} Ke7 {[%emt 0:00:01]} 26. Re3+ {[%emt 0:00:01]} Kd7 {[%emt 0:00:02]} 27. Rhxe8 {[%emt 0:00:00]} Kd6 {[%emt 0:00:01]} 28. c4 {[%emt 0:00:02]} Kc5 {[%emt 0:00:01]} 29. R3e5+ {[%emt 0:00:02]} Kd4 {[%emt 0:00:02]} 30. R8e7 {[%emt 0:00:02]} c5 {[%emt 0:00:02]} 31. Kd2 {[%emt 0:00:02] Zeit (Lag: Av=0.61s, max=0.9s)} 1-0

[Event "Stay Safe Play From Home 241"]
[Site "Emanuel Lasker Arena"]
[Date "2020.06.21"]
[Round "6"]
[White "Konmos"]
[Black "Pedrorojas"]
[Result "1-0"]
[WhiteElo "1687"]
[BlackElo "1459"]
[Annotator "NA"]
[PlyCount "37"]
[EventDate "2020.06.21"]
[EventType "swiss (blitz)"]

1. d4 {[%emt 0:00:00]} c6 {[%emt 0:00:01]} 2. c4 {[%emt 0:00:01]} d5 {[%emt 0:00:00]} 3. Nc3 {[%emt 0:00:00]} Nf6 {[%emt 0:00:01]} 4. Bg5 {[%emt 0:00:00]} Bf5 {[%emt 0:00:01]} 5. Bxf6 {[%emt 0:00:00]} exf6 {[%emt 0:00:00]} 6. e3 {[%emt 0:00:00]} Be7 {[%emt 0:00:01]} 7. Bd3 {[%emt 0:00:00]} Bxd3 {[%emt 0:00:02]} 8. Qxd3 {[%emt 0:00:00]} Qb6 {[%emt 0:00:00]} 9. O-O-O {[%emt 0:00:02]} dxc4 {[%emt 0:00:00]} 10. Qxc4 {[%emt 0:00:01]} O-O {[%emt 0:00:00]} 11. Nge2 {[%emt 0:00:02]} Nd7 {[%emt 0:00:01]} 12. g4 {[%emt 0:00:01]} Rfc8 {[%emt 0:00:01]} 13. Ng3 {[%emt 0:00:03]} c5 {[%emt 0:00:00]} 14. Nd5 {[%emt 0:00:02]} Qd6 {[%emt 0:00:06]} 15. Nf5 {[%emt 0:00:04]} cxd4 {[%emt 0:00:08]} 16. Nfxe7+ {[%emt 0:00:02]} Kf8 {[%emt 0:00:09]} 17. Nxc8 {[%emt 0:00:01]} Nb6 {[%emt 0:00:09]} 18. Ndxb6 {[%emt 0:00:03]} axb6 {[%emt 0:00:00]} 19. Rxd4 {[%emt 0:00:01] Pedrorojas rinde (Lag: Av=1.12s, max=2.0s)} 1-0

[Event "Stay Safe Play From Home 241"]
[Site "Emanuel Lasker Arena"]
[Date "2020.06.21"]
[Round "6"]
[White "Trotsky"]
[Black "Mepe_Nika"]
[Result "0-1"]
[WhiteElo "1567"]
[BlackElo "2372"]
[Annotator "TA"]
[PlyCount "58"]
[EventDate "2020.06.21"]
[EventType "swiss (blitz)"]

{[%evp 10,58,-7,-21,-12,-15,-28,-79,-66,-227,-222,-215,-50,-552,-552,-752,-748,-840,-849,-841,-831,-868,-715,-1139,-1134,-1445,-1344,-1829,-1792,-1767,-1481,-6416,-1995,-2202,-2035,-29984,-29985,-29981,-29981,-2716,-2134,-6925,-1393,-1340,-1270,-1181,-1120,-1133,-1093,-1014,-851]} 1. d4 c5 2. e3 cxd4 3. exd4 d5 4. Be3 Nc6 5. c4 Nf6 6. Nc3 g6 {B13: Caro-Kann: Exchange Variation and Panov-Botvinnik Attack.} 7. a3 Bg7 {[#]} 8. c5 $146 (8. h3 $11) ({Predecessor:} 8. h3 O-O 9. Nf3 Be6 10. c5 Ne4 11. Rc1 Nxc5 12. dxc5 d4 13. Nxd4 Nxd4 14. Bd3 {0-1 (29) Salem,A (2531)-Mamedyarov,S (2753) Khanty-Mansiysk 2013}) 8... O-O $17 {Black is better.} 9. Bd3 $2 ({Better is} 9. Nf3 $15) 9... e5 $19 10. dxe5 {[#]} Nxe5 $2 ({Black should try} 10... Ng4 $1 $19 {Strongly threatening ...d4.} 11. Bf4 Ngxe5) 11. Qc2 $2 {[%mdl 8192]} ({White has to play} 11. Nge2 $1 $15) 11... d4 {[%mdl 64] Double Attack} 12. O-O-O dxc3 13. bxc3 Nxd3+ 14. Rxd3 Qa5 15. Nf3 Qxa3+ 16. Kd2 Bf5 {[%mdl 64] aiming for ...Ne4+. Skewer} 17. Ne5 Rad8 {[%mdl 64] And now ...Ng4 would win. Pin} 18. Bd4 Bxd3 19. Qxd3 Nd5 {White must now prevent ...Bxe5.} 20. Nf3 Bxd4 21. Nxd4 {[#]} Nb4 $1 {( -> ...Qa2+)} 22. Qc4 (22. cxb4 Qxb4+) 22... Qb2+ 23. Ke3 Rfe8+ 24. Kf3 Nd5 {Black is clearly winning.} 25. Kg3 Qxc3+ 26. Qxc3 Nxc3 27. Nf3 Re4 28. h4 Ne2+ 29. Kh2 {[#]} Rdd4 $1 {Accuracy: White =  8%, Black = 85%.} 0-1

[Event "Stay Safe Play From Home 241"]
[Site "Emanuel Lasker Arena"]
[Date "2020.06.21"]
[Round "7"]
[White "Little champs"]
[Black "Mepe_Nika"]
[Result "0-1"]
[WhiteElo "2232"]
[BlackElo "2372"]
[Annotator "TA"]
[PlyCount "72"]
[EventDate "2020.06.21"]
[EventType "swiss (blitz)"]

{[%evp 9,72,-26,-24,-18,-9,-26,-25,-50,-50,-70,-75,-97,-93,-97,-93,-206,-128,-129,-44,-35,-31,-129,-142,-467,-505,-502,-487,-494,-480,-530,-475,-656,-570,-543,-503,-1067,-1062,-1095,-1114,-1107,-1093,-1500,-1057,-1033,-1009,-962,-918,-1252,-934,-1114,-1093,-1158,-885,-1077,-1056,-1084,-991,-1269,-1278,-1218,-1208,-1208,-1143,-1093,-1076]} 1. d3 g6 2. e3 Bg7 3. Nf3 d5 4. Be2 Nf6 5. O-O O-O 6. c3 {A00: Irregular Openings.} c5 {[#]} 7. b3 $146 ({Predecessor:} 7. Nbd2 Nc6 8. a3 Re8 9. d4 cxd4 10. cxd4 e5 11. dxe5 Nxe5 12. Nxe5 Rxe5 13. Nf3 {0-1 (24) Elias Arguelles,M (1466)-Vigier Lopez,C (1720) Barcelona 2020}) 7... Nc6 8. Bb2 {Black has an edge.} e5 9. h3 e4 10. Nfd2 exd3 11. Bxd3 b6 $36 {[%mdl 2048] Black is on the roll.} 12. e4 (12. Re1 $17) 12... dxe4 13. Nxe4 Nxe4 ({Black should try} 13... Bb7 $17 {...Ne5 is the strong threat.} 14. f3 Ne5 15. Nxf6+ Qxf6) 14. Bxe4 $15 Bb7 15. Qe2 (15. Re1 $15) 15... Re8 $17 {Strongly threatening ...Na5.} 16. Qc4 $2 {[%mdl 8192] Now White is beyond hope.} (16. f3 $17 {is tougher.}) 16... Na5 $19 {Black is clearly winning.} 17. Bxb7 {And now Qa6 would win.} Nxc4 18. bxc4 Rb8 19. Bd5 Re2 20. Ba3 Qf6 {Hoping for ...Rbe8.} 21. Bc1 Qf5 22. Nd2 (22. Bf3 $142 Ree8 23. a4) 22... Bxc3 {[%mdl 64] Double Attack} 23. Rb1 Bxd2 24. Rb2 Qd3 25. Rd1 Qd4 26. Rbxd2 Qxf2+ 27. Kh2 Qf4+ 28. Kg1 Rxd2 29. Rxd2 Qe3+ 30. Kh2 Re8 31. Rd1 Qe5+ 32. Kh1 {[#]} Qe2 $1 33. Bf3 {[#]} Qxd1+ $1 {[%mdl 64] Remove Defender, Decoy} 34. Bxd1 Re1+ {[%mdl 64] Double Attack} 35. Kh2 Rxd1 36. Bf4 Ra1 {Accuracy: White = 34%, Black = 78%.} 0-1

[Event "Stay Safe Play From Home 241"]
[Site "Emanuel Lasker Arena"]
[Date "2020.06.21"]
[Round "7"]
[White "SoulofWolf"]
[Black "Haris kollari 13"]
[Result "1-0"]
[WhiteElo "2099"]
[BlackElo "1736"]
[Annotator "NA"]
[PlyCount "75"]
[EventDate "2020.06.21"]
[EventType "swiss (blitz)"]

1. d4 {[%emt 0:00:00]} e6 {[%emt 0:00:01]} 2. Nf3 {[%emt 0:00:01]} d5 {[%emt 0:00:00]} 3. Bg5 {[%emt 0:00:00]} f6 {[%emt 0:00:01]} 4. Bh4 {[%emt 0:00:01]} c5 {[%emt 0:00:01]} 5. c3 {[%emt 0:00:01]} Nc6 {[%emt 0:00:01]} 6. e3 {[%emt 0:00:00]} Bd6 {[%emt 0:00:02]} 7. Bd3 {[%emt 0:00:01]} g5 {[%emt 0:00:02]} 8. Bg3 {[%emt 0:00:01]} Bxg3 {[%emt 0:00:02]} 9. hxg3 {[%emt 0:00:00]} h5 {[%emt 0:00:02]} 10. dxc5 {[%emt 0:00:01]} Nge7 {[%emt 0:00:03]} 11. b4 {[%emt 0:00:01]} Bd7 {[%emt 0:00:02]} 12. a4 {[%emt 0:00:02]} Qc7 {[%emt 0:00:01]} 13. Na3 {[%emt 0:00:01]} a6 {[%emt 0:00:02]} 14. Qc2 {[%emt 0:00:02]} O-O-O {[%emt 0:00:02]} 15. Kd2 {[%emt 0:00:04]} Rdg8 {[%emt 0:00:04]} 16. Nd4 {[%emt 0:00:05]} e5 {[%emt 0:00:02]} 17. Nxc6 {[%emt 0:00:03]} Qxc6 {[%emt 0:00:03]} 18. Rhb1 {[%emt 0:00:04]} h4 {[%emt 0:00:04]} 19. Qd1 {[%emt 0:00:05]} hxg3 {[%emt 0:00:02]} 20. fxg3 {[%emt 0:00:00]} Rh2 {[%emt 0:00:01]} 21. Qe2 {[%emt 0:00:01]} d4 {[%emt 0:00:03]} 22. e4 {[%emt 0:00:03]} dxc3+ {[%emt 0:00:01]} 23. Kxc3 {[%emt 0:00:00]} f5 {[%emt 0:00:01]} 24. Rg1 {[%emt 0:00:02]} g4 {[%emt 0:00:03]} 25. Rac1 {[%emt 0:00:03]} f4 {[%emt 0:00:01]} 26. Kb2 {[%emt 0:00:01]} f3 {[%emt 0:00:01]} 27. gxf3 {[%emt 0:00:00]} Rxe2+ {[%emt 0:00:01]} 28. Bxe2 {[%emt 0:00:00]} gxf3 {[%emt 0:00:01]} 29. Bxf3 {[%emt 0:00:01]} Qg6 {[%emt 0:00:01]} 30. Rcd1 {[%emt 0:00:02]} Qg5 {[%emt 0:00:01]} 31. b5 {[%emt 0:00:02]} Be6 {[%emt 0:00:01]} 32. c6 {[%emt 0:00:01]} Qe3 {[%emt 0:00:01]} 33. cxb7+ {[%emt 0:00:00]} Kxb7 {[%emt 0:00:01]} 34. Rc1 {[%emt 0:00:00]} Qxf3 {[%emt 0:00:02]} 35. Rgd1 {[%emt 0:00:01]} Qf2+ {[%emt 0:00:01]} 36. Rc2 {[%emt 0:00:00]} Qc5 {[%emt 0:00:01]} 37. Rxc5 {[%emt 0:00:01]} Rxg3 {[%emt 0:00:02]} 38. Rd7+ {[%emt 0:00:01] Time (Lag: Av=0.41s, max=0.6s)} 1-0